Predicting the sales of video games using machine learning / (Record no. 231009)

MARC details
000 -LEADER
fixed length control field 00635nam a22001817a 4500
003 - CONTROL NUMBER IDENTIFIER
control field OSt
005 - DATE AND TIME OF LATEST TRANSACTION
control field 20240601120108.0
008 - FIXED-LENGTH DATA ELEMENTS--GENERAL INFORMATION
fixed length control field 240601b ||||| |||| 00| 0 eng d
040 ## - CATALOGING SOURCE
Transcribing agency AIMIT LIBRARY
100 ## - MAIN ENTRY--PERSONAL NAME
Personal name Pinto, Princea Maria Jyothi.
Relator term 202023
9 (RLIN) 168978
245 ## - TITLE STATEMENT
Title Predicting the sales of video games using machine learning /
Statement of responsibility, etc. By Princea Maria Jyothi Pinto ; Guided by Vanitha T and Nawfal Suhail.
260 ## - PUBLICATION, DISTRIBUTION, ETC.
Place of publication, distribution, etc. Mangalore
Date of publication, distribution, etc. 2022
650 ## - SUBJECT ADDED ENTRY--TOPICAL TERM
Topical term or geographic name entry element Process descripeyiuul
9 (RLIN) 168979
700 ## - ADDED ENTRY--PERSONAL NAME
Personal name T, Vanitha.
Relator term Guide
9 (RLIN) 168980
700 ## - ADDED ENTRY--PERSONAL NAME
Personal name Suhail, Nawfal.
Relator term Guide
9 (RLIN) 168981
856 ## - ELECTRONIC LOCATION AND ACCESS
Materials specified Riskonnect
Link text www.riskonnect.com
942 ## - ADDED ENTRY ELEMENTS (KOHA)
Source of classification or shelving scheme Dewey Decimal Classification
Koha item type Project Report
Holdings
Withdrawn status Lost status Source of classification or shelving scheme Damaged status Not for loan Collection code Home library Current library Shelving location Date acquired Total Checkouts Barcode Date last seen Copy number Uniform Resource Identifier Price effective from Koha item type
    Dewey Decimal Classification   Not for loan Project Report M.Sc. Big Data Analytics St Aloysius Institute of Management & Information Technology St Aloysius Institute of Management & Information Technology Dissertations 06/01/2024   PBD00047 06/01/2024 202022 www.riskonnect.com 06/01/2024 Project Report